|
|
|
|
| LEADER |
01010nam a22002417a 4500 |
| 001 |
30823 |
| 003 |
BD-DhAAL |
| 005 |
20170104112631.0 |
| 008 |
160113s2006 bg ||||| |||| 00| 0 eng d |
| 020 |
|
|
|a 9848470204
|
| 040 |
|
|
|a BD-DhAAL
|c BD-DhAAL
|
| 082 |
|
|
|2 22
|a 346.549204685
|
| 100 |
|
|
|a Mohsin, I. M.M.
|9 17339
|
| 245 |
|
|
|a Laws on essential commodities :
|b containing laws on smuggling, anti-hording, black marketing, profiteering, gold control, pure foods etc (with up to-date amendment & latest decisions) /
|c I. M. M. Mohsin
|
| 260 |
|
|
|a Dhaka :
|b Bangladesh Law Book Company,
|c 2006
|
| 300 |
|
|
|a 320 p. :
|c 22 cm.
|
| 526 |
|
|
|a AAL
|
| 541 |
|
|
|e 30823
|
| 650 |
|
|
|a Strategic materials
|x Law and legislation
|z Bangladesh
|9 17340
|
| 852 |
|
|
|a Ayesha Abed Library
|c General Stacks
|
| 942 |
|
|
|2 ddc
|c BK
|
| 999 |
|
|
|c 36597
|d 36597
|
| 952 |
|
|
|0 0
|1 0
|2 ddc
|4 0
|6 346_549204685000000_MOH
|7 0
|9 57583
|a BRACUL
|b BRACUL
|c GEN
|d 2016-01-13
|e Tamara Abed, BRAC
|l 1
|o 346.549204685 MOH
|p 3010030823
|r 2025-11-02
|s 2025-10-26
|t 1
|w 2016-01-13
|y BK
|